<?xml version="1.0" encoding="UTF-8"?><?xml-stylesheet type="text/xsl" href="static/style.xsl"?><OAI-PMH xmlns="http://www.openarchives.org/OAI/2.0/" xmlns:xsi="http://www.w3.org/2001/XMLSchema-instance" xsi:schemaLocation="http://www.openarchives.org/OAI/2.0/ http://www.openarchives.org/OAI/2.0/OAI-PMH.xsd"><responseDate>2026-04-14T00:02:53Z</responseDate><request verb="GetRecord" identifier="oai:www.recercat.cat:10256/19519" metadataPrefix="marc">https://recercat.cat/oai/request</request><GetRecord><record><header><identifier>oai:recercat.cat:10256/19519</identifier><datestamp>2024-06-18T14:35:15Z</datestamp><setSpec>com_2072_452955</setSpec><setSpec>com_2072_2054</setSpec><setSpec>col_2072_452959</setSpec></header><metadata><record xmlns="http://www.loc.gov/MARC21/slim" xmlns:dcterms="http://purl.org/dc/terms/" xmlns:xsi="http://www.w3.org/2001/XMLSchema-instance" xmlns:doc="http://www.lyncode.com/xoai" xsi:schemaLocation="http://www.loc.gov/MARC21/slim http://www.loc.gov/standards/marcxml/schema/MARC21slim.xsd">
   <leader>00925njm 22002777a 4500</leader>
   <datafield ind2=" " ind1=" " tag="042">
      <subfield code="a">dc</subfield>
   </datafield>
   <datafield ind2=" " ind1=" " tag="720">
      <subfield code="a">Caballero-Huertas, Marta</subfield>
      <subfield code="e">author</subfield>
   </datafield>
   <datafield ind2=" " ind1=" " tag="720">
      <subfield code="a">Soto, Manu</subfield>
      <subfield code="e">author</subfield>
   </datafield>
   <datafield ind2=" " ind1=" " tag="720">
      <subfield code="a">Ribas, Laia</subfield>
      <subfield code="e">author</subfield>
   </datafield>
   <datafield ind2=" " ind1=" " tag="260">
      <subfield code="c">2021-09-01</subfield>
   </datafield>
   <datafield ind2=" " ind1=" " tag="520">
      <subfield code="a">Zebrafish is a worldwide used animal model to better understand cultured fish species; thus, in the last two decades, zebrafish facilities have been created in many aquaculture research centres. However, and despite the attempts of rigorous aseptic conditions for animal husbandry in wet laboratory facilities, the presence of parasites cannot be underestimated. The microsporidium Pseudoloma neurophilia, which mostly affects the central nervous system, has been listed as the most prevalent parasite in reared zebrafish. The emergence of P. neurophilia is usually detected when the individual presents irreversible morphological and/or behavioural symptoms, and consequently, the spread of the disease is inevitable, indicating that the infection is expanded across rearing tanks. This review attempts, for the first time, to collect and discuss the current information on P. neurophilia life cycle, target tissues and symptomatology of the infection occurred in zebrafish. Due to its vertical transmission together with the increasing presence of zebrafish as a model in reproduction‐related problems found in aquaculture, it is highlighted, among others, the sexual dimorphism of the pathogenic effects and the possible transgenerational implications of parasitic infections. Further, to date none effective treatments have been described, so here we provide in detail available diagnostic methods, discussing the importance of the early detection, giving safety‐rearing recommendations to decrease the presence of P. neurophilia. Our intention is to minimize parasite outbreaks in zebrafish facilities, which, on the one hand, can compromise zebrafish welfare, and on the other hand, could interfere furtively in the resulting research previously designed for improving aquaculture production but also other biomedical‐related research</subfield>
   </datafield>
   <datafield ind2=" " ind1=" " tag="520">
      <subfield code="a">Authors’ research funding is supported by the Spanish Ministry of Science and Innovation grants AGL2015-&#xd;
73864-JIN ‘Ambisex’ and RYC2018-024017-I and by Spanish National Research Council (CSIC) grant&#xd;
202030E004 ‘Interomics’ to LR</subfield>
   </datafield>
   <datafield ind1="8" ind2=" " tag="024">
      <subfield code="a">http://hdl.handle.net/10256/19519</subfield>
   </datafield>
   <datafield tag="653" ind2=" " ind1=" ">
      <subfield code="a">Peixos -- Infeccions</subfield>
   </datafield>
   <datafield tag="653" ind2=" " ind1=" ">
      <subfield code="a">Fishes -- Infections</subfield>
   </datafield>
   <datafield tag="653" ind2=" " ind1=" ">
      <subfield code="a">Peixos -- Paràsits</subfield>
   </datafield>
   <datafield tag="653" ind2=" " ind1=" ">
      <subfield code="a">Fishes -- Parasites</subfield>
   </datafield>
   <datafield ind2="0" ind1="0" tag="245">
      <subfield code="a">Reviewing Pseudoloma neurophilia infections in the popular zebrafish model</subfield>
   </datafield>
</record></metadata></record></GetRecord></OAI-PMH>